Home Print Resources E-Books E-Journals IIMT Lecture Series Library Membership Form Book Recommendation Form Campus Tour Take AdmissionAbout Us Contact Us

Mathematics for B.Sc. Students Semester IV (Record no. 67113)

000 -LEADER
fixed length control field 00447nam a22001577a 4500
003 - CONTROL NUMBER IDENTIFIER
control field OSt
005 - DATE AND TIME OF LATEST TRANSACTION
control field 20260309111511.0
008 - FIXED-LENGTH DATA ELEMENTS--GENERAL INFORMATION
fixed length control field 260309b |||||||| |||| 00| 0 eng d
020 ## - INTERNATIONAL STANDARD BOOK NUMBER
International Standard Book Number 9789355016966
040 ## - CATALOGING SOURCE
Transcribing agency IIMT UNIVERSITY, MEERUT
100 ## - MAIN ENTRY--PERSONAL NAME
Personal name H K Dass, Rajnish Verma, Rama Verma & Dr. P S Hemne
245 ## - TITLE STATEMENT
Title Mathematics for B.Sc. Students Semester IV
260 ## - PUBLICATION, DISTRIBUTION, ETC.
Place of publication, distribution, etc. NEW DELHI
Name of publisher, distributor, etc. S Chand Publishing
Date of publication, distribution, etc. 2023
300 ## - PHYSICAL DESCRIPTION
Extent VER.
942 ## - ADDED ENTRY ELEMENTS (KOHA)
Source of classification or shelving scheme
Koha item type Book Bank
Holdings
Withdrawn status Lost status Source of classification or shelving scheme Damaged status Not for loan Home library Current library Date acquired Source of acquisition Inventory number Total Checkouts Barcode Date last seen Price effective from Koha item type
          IIMT University Central Library Meerut IIMT University Central Library Meerut 03/09/2026 R.LALL BOOK DEPOT GD/IN/79162, 7/03/2026   01-B-146661 03/09/2026 03/09/2026 Book Bank
          IIMT University Central Library Meerut IIMT University Central Library Meerut 03/09/2026 R.LALL BOOK DEPOT GD/IN/79162, 7/03/2026   01-B-146662 03/09/2026 03/09/2026 Book Bank
IIMT, Central Library. All Rights Reserved IIMT,UNIVERSITY © 2023
Implemented and Customised by I CLOUDE EMS
You Are OPAC Visitor No
free web counter

Powered by Koha